Flaggen nach Buchstaben - G - Statistiken

Allgemein
  • Dieses Quiz wurde 70 mal gespielt
  • Das Durchschnittsergebnis liegt bei 9 aus 10
Antwortstatistiken
Bildquiz Antwort % Korrekt
Griechenland
100%
Georgien
97%
Ghana
97%
Guatemala
95%
Gabun
91%
Grenada
89%
Guinea
88%
Gambia
83%
Guyana
80%
Guinea-Bissau
78%
Keine übereinstimmenden Quizze gefunden
Verteilung der Resultate
Anzahl Personen mit jedem Resultat
Perzentil nach korrekt beantworteten Fragen
Ihre Resultats-Entwicklung
Sie haben dieses Quiz noch nicht gespielt